000
00263nam a22001097a 4500
008
250107b |||||||| |||| 00| 0 eng d
100
_a
D C Tayal
245
_a
Principles of Electronics
260
_a
Delhi
_b
Himalaya Pub
_c
1988
300
_a
262
942
_2
ddc
_c
BK
999
_c
21064
_d
21064